000 00504nam a2200181Ia 4500
001 12520
003 GE_BSU
008 181216s||||||||xx |||||||||||||| ||und||
040 _cGE_BSU
080 _aპერიოდიკა
245 _aПсихология обучения. №9. 2014. Сентябрь
245 _cГл.ред.Бархаев Б.П.
260 _aМосква
260 _c2014
300 _a132стр.24см.
653 _aПсихология обучения.
942 _cCR
999 _c45693
_d45693